000
00271nam a2200133Ia 4500
100
_a
Kumbhojkar/G.v
650
_a
Mathematics
942
_c
BK
245
_a
Applied Mathematics I
260
_b
C.Jamnadas&co.
_c
2009
082
_b
KUM
546
_a
ENGLISH
999
_c
18705
_d
18705